Most Commonly Guessed Languages - Statistics

General Stats
  • This quiz has been taken 193 times
  • The average score is 15 of 20
Answer Stats
% language % Correct
99 English
100%
99 Spanish
100%
96 Chinese
97%
98 French
95%
97 German
95%
96 Portuguese
90%
96 Russian
90%
94 Italian
88%
90 Japanese
88%
96 Arabic
84%
87 Polish
75%
90 Dutch
73%
90 Korean
72%
89 Swedish
68%
92 Greek
66%
88 Turkish
60%
86 Finnish
45%
87 Indo-Malay
44%
87 Romanian
42%
86 Serbo-Croatian
38%
No matching quizzes found
Score Distribution
Percent of People with Each Score
Percentile by Number Answered
Your Score History
You have not taken this quiz